| 000 | 01051nam a2200289 i 4500 | ||
|---|---|---|---|
| 003 | DO-SdBNP | ||
| 005 | 20260416143237.0 | ||
| 007 | ta | ||
| 008 | 260416b2013 dr c|||| |||| 00| 0 spa d | ||
| 020 | _a9789945471540 | ||
| 040 |
_aDO-SdBNP _bspa _cBNPHU _erda |
||
| 041 | _aspa | ||
| 082 | 4 |
_axxx _bxxx _222 |
|
| 100 |
_aPellerano Casto, Arturo B., _eautor _4aut. _qArturo B. Pellerano Castro (Byron) _989343 |
||
| 245 | 1 | 3 |
_aun canto a la dominicanidad : _btextos reunidos / _cArturo B. Pellerano Castro ; edición, Roque Diómedes Santos, Juan Ml. Pellerano Gómez |
| 264 | 4 |
_aSanto Domingo : _bAmigo del Hogar, _c©2013. |
|
| 300 |
_a390 páginas : _bretratos ; _c23 cm. |
||
| 336 |
_atexto _btxt _2rdacontent |
||
| 337 |
_asin mediación _bn _2rdamedia |
||
| 338 |
_avolumen _bnc _2rdacarrier |
||
| 500 | _aIncluye notas al pie de las páginas | ||
| 590 | _aInventariado, 2026/BT | ||
| 700 | 1 |
_aSantos, Roque Diómedes, _eeditor _4ed. _922595 |
|
| 700 | 1 |
_aPellerano Gómez, Juan Ml., _eeditor _4ed. _911850 |
|
| 910 | _aBtavárez | ||
| 942 |
_2ddc _cLBS1 |
||
| 999 |
_c60566 _d60566 |
||